[Event "New West op"]
[Site "New Westminster"]
[Date "2017.10.09"]
[Round "5.4"]
[White "Nunez Asencio, Jorge"]
[Black "Igharas, Gilberto"]
[Result "1-0"]
[WhiteElo "2263"]
[BlackElo "1928"]
[PlyCount "75"]
[EventDate "2017.10.07"]
[EventType "swiss"]
[EventRounds "6"]
[EventCountry "CAN"]

1. d4 Nf6 2. c4 e6 3. Nc3 Bb4 4. e3 d5 5. a3 Bxc3+ 6. bxc3 O-O 7. Bd3 c5 8. Ne2
Nc6 9. cxd5 exd5 10. O-O Re8 11. Bd2 Bg4 12. Qe1 c4 13. Bc2 Bh5 14. Nf4 Qd7 15.
f3 Bg6 16. Nxg6 hxg6 17. e4 b5 18. e5 a5 19. Qh4 Nh7 20. f4 Qd8 21. Qg4 Ne7 22.
Rae1 b4 23. Re3 b3 24. Bb1 Qc8 25. Qe2 Nf5 26. Rh3 Nf6 27. Qf3 Nh7 28. Qxd5 Ra6
29. Qf3 Nf8 30. g4 Nh6 31. Rg3 Qd7 32. Bc1 Qd8 33. f5 g5 34. f6 gxf6 35. exf6
Nh7 36. Bxh7+ Kxh7 37. Bxg5 Kg6 38. Rh3 {Time.} 1-0

[Event "New West op"]
[Site "New Westminster"]
[Date "2017.10.09"]
[Round "5.5"]
[White "Jacobsen, Henrik"]
[Black "Williamson, Jason"]
[Result "0-1"]
[WhiteElo "1968"]
[BlackElo "1899"]
[PlyCount "70"]
[EventDate "2017.10.07"]
[EventType "swiss"]
[EventRounds "6"]
[EventCountry "CAN"]

1. d4 Nf6 2. Nf3 g6 3. Bf4 Bg7 4. e3 O-O 5. h3 d6 6. Be2 Nbd7 7. Nbd2 c5 8. c3
b6 9. a4 a6 10. O-O Bb7 11. Qb1 Rc8 12. Bh2 cxd4 13. exd4 Nd5 14. Bc4 Bh6 15.
h4 Nxc3 16. bxc3 Bxf3 17. Bxa6 Bxd2 18. Bxc8 Qxc8 19. gxf3 Qxc3 20. Qe4 Nf6 21.
Qxe7 Qxf3 22. Bxd6 Re8 23. Ra3 Qg4+ 24. Rg3 Qxd4 25. Be5 Qxe5 26. Qxe5 Rxe5 27.
Rd1 Re1+ 28. Rxe1 Bxe1 29. Rd3 Ne4 30. f3 Nc5 31. Ra3 Bxh4 32. a5 bxa5 33. Rxa5
Bf6 34. Kg2 Nd3 35. Ra4 h5 0-1

[Event "New West op"]
[Site "New Westminster"]
[Date "2017.10.09"]
[Round "5.6"]
[White "Gu, Chuyang"]
[Black "Wu, Lucian"]
[Result "1-0"]
[WhiteElo "1775"]
[BlackElo "1903"]
[PlyCount "75"]
[EventDate "2017.10.07"]
[EventType "swiss"]
[EventRounds "6"]
[EventCountry "CAN"]

1. e4 e5 2. Nf3 Nc6 3. Bb5 a6 4. Ba4 Nf6 5. O-O Be7 6. Re1 b5 7. Bb3 O-O 8. c3
d6 9. h3 Na5 10. Bc2 c5 11. d4 Nc6 12. Be3 Qc7 13. Nbd2 Bd7 14. Nf1 a5 15. d5
Na7 16. Ng3 c4 17. Nh4 h6 18. Nhf5 Bxf5 19. Nxf5 b4 20. Qd2 h5 21. Bh6 Ne8 22.
Re3 bxc3 23. bxc3 f6 24. Rg3 Rf7 25. Bd1 Bf8 26. Bxh5 Rd7 27. Bg6 gxh6 28.
Bxe8+ Rg7 29. Nxg7 Bxg7 30. Bh5 Kh8 31. Rg6 Rb8 32. Rxh6+ Bxh6 33. Qxh6+ Kg8
34. Qxf6 Nb5 35. Re1 Nxc3 36. Re3 Kh7 37. Bg6+ Kg8 38. Rxc3 1-0

[Event "New West op"]
[Site "New Westminster"]
[Date "2017.10.09"]
[Round "5.7"]
[White "Lehingrat, Callum"]
[Black "Van, Anna"]
[Result "1/2-1/2"]
[WhiteElo "1823"]
[BlackElo "1669"]
[PlyCount "84"]
[EventDate "2017.10.07"]
[EventType "swiss"]
[EventRounds "6"]
[EventCountry "CAN"]

1. d4 d5 2. c4 c6 3. Nf3 Nf6 4. e3 Bg4 5. Qb3 Qb6 6. Nc3 Qxb3 7. axb3 e6 8. c5
Be7 9. b4 O-O 10. b5 Bxf3 11. gxf3 Rd8 12. b4 cxb5 13. Bxb5 a6 14. f4 Nc6 15.
Bxc6 bxc6 16. Bd2 Rdb8 17. Rb1 Rb7 18. Ke2 Bd8 19. f3 Bc7 20. Kd3 Nh5 21. Ne2
f5 22. Ra1 Nf6 23. Ra3 Rba7 24. Rha1 Bb8 25. Nc3 Nd7 26. Be1 Kf7 27. Bd2 Kg8
28. Na2 Bc7 29. Nc1 Kf7 30. Nb3 g6 31. Rg1 Nf6 32. Rga1 Ke7 33. Nc1 Kf7 34. Ne2
Kg7 35. Nc3 Bb8 36. Re1 Kf7 37. Rea1 Nd7 38. Ne2 Nf6 39. Be1 Nd7 40. Kc2 Bc7
41. Nc1 Nb8 42. Nd3 Rb7 1/2-1/2

[Event "New West op"]
[Site "New Westminster"]
[Date "2017.10.09"]
[Round "6.2"]
[White "Tian, Shi Yuan \[Sherry\]"]
[Black "Salcedo, Daniel E"]
[Result "1/2-1/2"]
[WhiteElo "1953"]
[BlackElo "1954"]
[PlyCount "66"]
[EventDate "2017.10.07"]
[EventType "swiss"]
[EventRounds "6"]
[EventCountry "CAN"]

1. d4 Nf6 2. c4 g6 3. Nc3 Bg7 4. Nf3 O-O 5. Bg5 c5 6. d5 d6 7. e4 Bg4 8. Be2
Na6 9. Nd2 Bxe2 10. Qxe2 h6 11. Be3 e6 12. O-O exd5 13. exd5 Re8 14. Qd1 Nc7
15. a4 Na6 16. Qb3 Nb4 17. h3 Nd7 18. Nf3 Ne5 19. Nxe5 Rxe5 20. Bf4 Re8 21. Nb5
Re2 22. Rab1 Be5 23. Qf3 Rc2 24. Bxe5 dxe5 25. Na3 Rd2 {=} 26. Rfd1 Qg5 27. Qc3
Rxd1+ 28. Rxd1 e4 29. Nc2 Nd3 30. Ne1 Nf4 31. Qe3 b6 32. Kh2 Re8 33. g3 Nxh3
1/2-1/2

[Event "New West op"]
[Site "New Westminster"]
[Date "2017.10.09"]
[Round "6.3"]
[White "Ferguson, Peter"]
[Black "Nunez Asencio, Jorge"]
[Result "0-1"]
[WhiteElo "2023"]
[BlackElo "2263"]
[PlyCount "52"]
[EventDate "2017.10.07"]
[EventType "swiss"]
[EventRounds "6"]
[EventCountry "CAN"]

1. e4 c5 2. Nf3 a6 3. d4 cxd4 4. Nxd4 Nf6 5. Nc3 e5 6. Nde2 d6 7. Bg5 Be7 8.
Qd2 Be6 9. f4 O-O 10. f5 Bc4 11. O-O-O Nbd7 12. g4 Nxg4 13. Bxe7 Qxe7 14. Rg1
Qh4 15. b3 Bxe2 16. Bxe2 Ngf6 17. Qxd6 Rac8 18. Nd5 Nxd5 19. exd5 Nf6 20. Kb1
Rfd8 21. Qe7 Rd7 22. Qa3 Nxd5 23. Kb2 Qf6 24. Qa4 b5 25. Qe4 Nc3 26. Qf3 e4 0-1

[Event "New West op"]
[Site "New Westminster"]
[Date "2017.10.09"]
[Round "6.4"]
[White "Williamson, Jason"]
[Black "Igharas, Gilberto"]
[Result "1-0"]
[WhiteElo "1899"]
[BlackElo "1928"]
[PlyCount "67"]
[EventDate "2017.10.07"]
[EventType "swiss"]
[EventRounds "6"]
[EventCountry "CAN"]

1. e4 c6 2. d4 d5 3. Nd2 dxe4 4. Nxe4 Bf5 5. Ng3 Bg6 6. Nf3 Nd7 7. h4 h6 8. h5
Bh7 9. Bd3 Bxd3 10. Qxd3 e6 11. Bf4 Qa5+ 12. Bd2 Qc7 13. O-O-O Ngf6 14. Ne2
O-O-O 15. Kb1 Bd6 16. Rh4 Kb8 17. c4 c5 18. Nc3 a6 19. Be3 Rhe8 20. Qd2 Nb6 21.
dxc5 Bxc5 22. Bf4 Rxd2 23. Bxc7+ Kxc7 24. Rxd2 Nfd7 25. a3 f5 26. b4 Be7 27. c5
Nc8 28. Rhd4 Nf6 29. Ne5 Na7 30. Na4 Nb5 31. Rd7+ Nxd7 32. Rxd7+ Kb8 33. c6 Bf6
34. Rxb7+ 1-0

[Event "New West op"]
[Site "New Westminster"]
[Date "2017.10.09"]
[Round "6.5"]
[White "Escandor, Manuel Omana"]
[Black "Landingin, Jofrel"]
[Result "1-0"]
[WhiteElo "1804"]
[BlackElo "1895"]
[PlyCount "83"]
[EventDate "2017.10.07"]
[EventType "swiss"]
[EventRounds "6"]
[EventCountry "CAN"]

1. e4 Nf6 2. Nc3 c6 3. g3 g6 4. Bg2 e6 5. a3 d5 6. e5 Nfd7 7. d4 Bg7 8. Nf3 O-O
9. O-O c5 10. Be3 c4 11. Qd2 Re8 12. b3 cxb3 13. cxb3 Qa5 14. b4 Qd8 15. Rfc1
a6 16. Na4 b5 17. Nc5 Nb6 18. Bf1 Qe7 19. Qc2 Nc4 20. Bf4 Nd7 21. a4 Ndb6 22.
axb5 axb5 23. Rxa8 Nxa8 24. Ra1 Nab6 25. Nd2 h6 26. Nxc4 dxc4 27. Bg2 Nd5 28.
Bxd5 exd5 29. Ra5 Bh3 30. Rxb5 Ra8 31. Ra5 Rb8 32. Qa4 g5 33. Be3 Kh7 34. Ra7
Qd8 35. Rxf7 Ra8 36. Ra7 Rb8 37. Rxg7+ Kxg7 38. f3 Ra8 39. Qc6 Ra1+ 40. Kf2 Qf8
41. Qxd5 Qf5 42. Qe4 1-0

[Event "New West op"]
[Site "New Westminster"]
[Date "2017.10.09"]
[Round "6.6"]
[White "Van, Anna"]
[Black "Gu, Chuyang"]
[Result "0-1"]
[WhiteElo "1669"]
[BlackElo "1775"]
[PlyCount "154"]
[EventDate "2017.10.07"]
[EventType "swiss"]
[EventRounds "6"]
[EventCountry "CAN"]

1. e4 c5 2. Nc3 Nc6 3. f4 g6 4. Nf3 Bg7 5. Bb5 Nd4 6. O-O Nxb5 7. Nxb5 d5 8.
exd5 a6 9. Nc3 Nf6 10. d3 Nxd5 11. Nxd5 Qxd5 12. Qe1 Bf6 13. Qe4 Qd6 14. Rb1
O-O 15. Be3 Be6 16. b3 b5 17. Bf2 Rac8 18. Rbd1 Bd5 19. Qe3 Qc7 20. c4 Bxf3 21.
Qxf3 Qa5 22. Qe2 Rfd8 23. Be1 Qb6 24. Bf2 Qa5 25. Be1 Qc7 26. Bg3 Qd7 27. Qf3
Qd4+ 28. Kh1 Rd7 29. Qf2 Rcd8 30. Qxd4 Rxd4 31. cxb5 axb5 32. Rc1 Rxd3 33. Rxc5
Rd1 34. Rc1 Rxf1+ 35. Rxf1 Rd2 36. a4 bxa4 37. bxa4 Ra2 38. Kg1 Bd4+ 39. Bf2
Bxf2+ 40. Rxf2 Ra1+ 41. Rf1 Rxa4 42. g3 f5 43. Kg2 Kf7 44. h4 h5 45. Re1 Ra2+
46. Kf3 Ra3+ 47. Re3 Ra2 48. Re2 Ra1 49. Kf2 Kf6 50. Re3 Ra4 51. Kf3 Rb4 52.
Kf2 Rd4 53. Kf3 Rd5 54. Kf2 Rd4 55. Kf3 Rc4 56. Kf2 Re4 57. Kf3 Rxe3+ 58. Kxe3
e5 59. fxe5+ Kxe5 60. Kf3 f4 61. g4 hxg4+ 62. Kxg4 Ke4 63. Kg5 f3 64. Kxg6 f2
65. h5 f1=Q 66. Kh6 Qf7 67. Kg5 Qh7 68. h6 Ke5 69. Kg4 Qxh6 70. Kf3 Qf4+ 71.
Ke2 Qg3 72. Kd2 Qf3 73. Kc2 Qe3 74. Kd1 Qf2 75. Kc1 Kd4 76. Kb1 Kc3 77. Ka1
Qb2# 0-1

[Event "New West op"]
[Site "New Westminster"]
[Date "2017.10.09"]
[Round "6.7"]
[White "Wu, Lucian"]
[Black "Jacobsen, Henrik"]
[Result "0-1"]
[WhiteElo "1903"]
[BlackElo "1968"]
[PlyCount "72"]
[EventDate "2017.10.07"]
[EventType "swiss"]
[EventRounds "6"]
[EventCountry "CAN"]

1. d4 Nf6 2. c4 g6 3. Nc3 Bg7 4. e4 d6 5. Nf3 O-O 6. Be2 e5 7. O-O Nc6 8. d5
Ne7 9. Ne1 Nd7 10. Be3 f5 11. f3 f4 12. Bf2 g5 13. Nd3 a6 14. Rc1 Qe8 15. c5
Rf6 16. Qb3 Qh5 17. c6 Rh6 18. h3 Nc5 19. Bxc5 Bxh3 20. Rf2 Be6 21. Rff1 Qh2+
22. Kf2 Qg3+ 23. Kg1 bxc6 24. dxe6 Rf8 25. Rfd1 Qh2+ 26. Kf1 dxc5 27. Nf2 Qg3
28. Nh3 g4 29. fxg4 f3 30. Bxf3 Rxh3 31. Ne2 Rh1+ 32. Ng1 c4 33. Rxc4 Qxg4 34.
Ke2 Qxe6 35. Rd3 Rxg1 36. g4 Kh8 0-1